[Event "95th Caplin Hastings Congress"]
[Site "Hastings"]
[Date "2020.01.01"]
[Round "5.47"]
[White "Norinkeviciute, Rasa"]
[Black "Kearsley, Raymond J"]
[Result "1-0"]
[WhiteElo "2018"]
[BlackElo "1624"]
[Annotator "NA RC"]
[PlyCount "109"]
[EventDate "2019.12.28"]
[EventType "swiss"]
[EventCountry "ENG"]
[SourceTitle "playchess.com"]
[Source "ChessBase"]
[SourceQuality "1"]
[TimeControl "40/6600+30:3000+30"]

1. d4 {[%emt 0:09:43]} d5 {[%emt 0:09:37]} 2. Nc3 {[%emt 0:00:39]} Nf6 {[%emt 0:00:27]} 3. Bg5 {[%emt 0:00:16]} Bf5 {[%emt 0:02:16]} 4. f3 {[%emt 0:03:06]} c6 {[%emt 0:08:36]} 5. Qd2 {[%emt 0:03:40]} Nbd7 {[%emt 0:00:58]} 6. Nh3 {[%emt 0:08:37] D01: Veresov Opening} (6. O-O-O h6 7. Bxf6 Nxf6 8. e4 dxe4 9. Qf4 e6 10. fxe4 Bh7 11. d5 exd5 12. exd5 Bd6 13. Qe3+ Qe7 14. Qxe7+ Kxe7 15. dxc6 bxc6 {0-1 (70) Ulybin,M (2520)-Shishkin,V (2507) Police 2015}) 6... h6 {[%emt 0:05:34]} 7. Bh4 {[%emt 0:05:18]} (7. Bxf6 $11 {keeps the balance.} exf6 8. e4 Bxh3 9. gxh3) 7... Qa5 {[%emt 0:03:07]} 8. Nf2 {[%emt 0:04:58]} e6 {[%emt 0:02:58]} 9. Nd3 $146 {[%emt 0:08:25]} ({Predecessor:} 9. e4 Bh7 10. e5 Ng8 11. Bd3 Bxd3 12. Nxd3 Ne7 {0-1 (53) Mikhailovsky,V (2175)-Ageichenko,G (2264) Moscow 2017}) 9... Be7 {[%emt 0:06:16]} (9... Bxd3 $5 10. cxd3 c5 $15) 10. e3 {[%emt 0:14:47]} Bh7 {[%emt 0:02:53]} 11. Be2 {[%emt 0:01:00]} Ne4 {[%emt 0:10:48]} 12. Nxe4 {[%emt 0:06:45]} Qxd2+ {[%emt 0:00:09]} 13. Nxd2 {[%emt 0:00:05]} Bxh4+ {[%emt 0:00:11]} 14. g3 {[%emt 0:00:25]} Be7 {[%emt 0:00:42]} 15. c3 {[%emt 0:05:45]} O-O {[%emt 0:03:04]} 16. f4 {[%emt 0:01:08]} Rac8 {[%emt 0:01:41]} 17. Kf2 {[%emt 0:04:51]} c5 {[%emt 0:01:48]} 18. Rac1 {[%emt 0:02:45]} c4 {[%emt 0:02:02]} 19. Ne5 {[%emt 0:01:10]} Nxe5 {[%emt 0:12:26]} 20. dxe5 {[%emt 0:01:27]} Rc6 {[%emt 0:02:38]} 21. b4 {[%emt 0:02:46]} cxb3 {[%emt 0:00:28]} 22. axb3 {[%emt 0:00:17]} Rfc8 {[%emt 0:03:06]} 23. c4 {[%emt 0:03:36]} Bb4 {[%emt 0:00:32]} 24. Nf3 {[%emt 0:00:34]} a6 {[%emt 0:03:16]} 25. Nd4 {[%emt 0:01:16]} R6c7 {[%emt 0:00:35]} 26. Ra1 {[%emt 0:02:17]} Bc3 {[%emt 0:06:40]} 27. Ra2 {[%emt 0:01:50]} Bxd4 {[%emt 0:01:16]} 28. exd4 {[%emt 0:00:09]} Be4 {[%emt 0:00:38]} 29. Rha1 {[%emt 0:01:16]} dxc4 {[%emt 0:06:02]} 30. bxc4 {[%emt 0:00:20]} Rd8 {[%emt 0:02:04]} 31. Ke3 {[%emt 0:00:20]} Bc6 {[%emt 0:01:30]} 32. g4 {[%emt 0:01:05]} Rcd7 {[%emt 0:01:06]} 33. Rd2 {[%emt 0:00:48]} Rc7 {[%emt 0:03:18]} 34. Ra5 {[%emt 0:01:25]} Kf8 {[%emt 0:03:41]} 35. f5 {[%emt 0:04:17]} Bd7 {[%emt 0:02:09]} 36. Kf4 {[%emt 0:01:48]} Bc8 {[%emt 0:01:08]} 37. Ra3 {[%emt 0:02:45]} Ke7 {[%emt 0:01:36]} 38. h4 {[%emt 0:01:59]} g6 {[%emt 0:02:23]} 39. f6+ {[%emt 0:09:35]} Ke8 {[%emt 0:02:05]} 40. Rg3 {[%emt 0:03:38]} Rcd7 {[%emt 0:00:35]} 41. Ke4 {[%emt 0:51:06]} b6 {[%emt 0:50:59]} 42. Rb3 {[%emt 0:00:00]} Rb7 {[%emt 0:00:00]} 43. Ke3 {[%emt 0:00:00]} Rb8 {[%emt 0:00:00]} (43... b5 $142 44. Rdb2 (44. cxb5 axb5 45. Rxb5 Ra7 $18) 44... Bd7) 44. Rdb2 {[%emt 0:00:00]} a5 $2 {[%emt 0:00:00]} (44... b5 {keeps fighting.} 45. cxb5 axb5 46. Bxb5+ (46. Rxb5 Rxb5 47. Bxb5+ Bd7 $18) 46... Kf8) 45. Rxb6 {[%emt 0:00:00]} Rxb6 {[%emt 0:00:00]} 46. Rxb6 {[%emt 0:00:00]} a4 {[%emt 0:00:00]} 47. Bd3 {[%emt 0:00:00]} Rd7 {[%emt 0:00:00]} 48. Rb8 {[%emt 0:00:00]} Rd8 {[%emt 0:00:00]} 49. Ra8 {[%emt 0:00:00]} Bd7 {[%emt 0:00:00]} 50. Rxd8+ $2 {[%emt 0:00:00]} (50. Ra7) 50... Kxd8 {[%emt 0:00:00]} 51. g5 {[%emt 0:00:00]} hxg5 {[%emt 0:00:00]} 52. hxg5 {[%emt 0:00:00]} Kc7 {[%emt 0:00:00] [#]} 53. Bxg6 $1 {[%emt 0:00:00] Promotion} a3 {[%emt 0:00:00]} 54. Bb1 {[%emt 0:00:00]} Be8 {[%emt 0:00:00]} 55. Kd3 {[%emt 0:00:00]} 1-0

[Event "95th Caplin Hastings Congress"]
[Site "Hastings"]
[Date "2020.01.01"]
[Round "5.48"]
[White "Zheng, Jerry Z"]
[Black "Elwin, Adrian G"]
[Result "0-1"]
[WhiteElo "1565"]
[BlackElo "1986"]
[Annotator "NA RC"]
[PlyCount "112"]
[EventDate "2019.12.28"]
[EventType "swiss"]
[EventCountry "ENG"]
[SourceTitle "playchess.com"]
[Source "ChessBase"]
[SourceQuality "1"]
[TimeControl "40/6600+30:3000+30"]

1. e4 {[%emt 0:09:32]} c6 {[%emt 0:09:32]} 2. d4 {[%emt 0:00:13]} d5 {[%emt 0:00:07]} 3. e5 {[%emt 0:00:12]} Bf5 {[%emt 0:00:08]} 4. h4 {[%emt 0:00:18]} Qb6 {[%emt 0:00:15]} 5. g4 {[%emt 0:09:03]} (5. a4 h6 6. a5 Qc7 7. g4 Bd7 8. b4 h5 9. gxh5 Bf5 10. Be3 e6 11. Nd2 Bxb4 12. a6 Nxa6 13. Bxa6 bxa6 {0-1 (63) Petrov,N (2593)-Mchedlishvili,M (2610) St Petersburg 2018}) 5... Bd7 {[%emt 0:00:22]} 6. c3 {[%emt 0:24:15] B12: Caro-Kann: Advance Variation} e6 {[%emt 0:01:26]} 7. f4 {[%emt 0:01:04]} c5 {[%emt 0:01:29]} 8. Nf3 {[%emt 0:01:35]} Nc6 {[%emt 0:01:50]} 9. Rh2 {[%emt 0:07:26]} cxd4 $146 {[%emt 0:26:00]} ({Predecessor:} 9... O-O-O 10. Be3 Nh6 11. Bh3 Kb8 12. Qb3 c4 13. Qc2 {0-1 (30) Naidenov,Z-Stankovic,B Yugoslavia 1974}) 10. cxd4 {[%emt 0:00:53]} Rc8 {[%emt 0:11:32]} 11. Kf2 {[%emt 0:19:53] [#]} Nh6 {[%emt 0:14:53]} ({Black should try} 11... h5 $1 $19 {[%cal Rh5g4]} 12. g5 {[#]} Nxd4 $1 {[%mdl 512]} 13. Nxd4 Rxc1 14. Qxc1 Qxd4+ 15. Ke1 Bc5) 12. Kg3 {[%emt 0:04:18]} Be7 {[%emt 0:04:31]} 13. Be3 {[%emt 0:09:01] [#]} f5 $1 {[%emt 0:08:53]} 14. g5 {[%emt 0:05:08]} Ng4 {[%emt 0:00:16]} 15. Re2 {[%emt 0:01:06]} Nxe3 {[%emt 0:14:45]} 16. Rxe3 {[%emt 0:00:13]} Qxb2 {[%emt 0:01:00]} 17. Nbd2 {[%emt 0:04:54]} Na5 {[%emt 0:05:09]} 18. Rb1 {[%emt 0:18:10]} Qc2 {[%emt 0:00:54]} 19. Qxc2 {[%emt 0:01:14]} Rxc2 {[%emt 0:00:06]} 20. Nb3 {[%emt 0:00:51]} Nxb3 {[%emt 0:00:51]} 21. Rexb3 {[%emt 0:00:08]} b6 {[%emt 0:00:18]} 22. R1b2 {[%emt 0:00:38]} Rc7 {[%emt 0:01:43]} 23. Bb5 {[%emt 0:00:26]} Bxb5 {[%emt 0:03:49]} 24. Rxb5 {[%emt 0:00:02]} Rc4 {[%emt 0:00:25]} 25. Kf2 {[%emt 0:01:01]} Kd7 {[%emt 0:00:48]} 26. R5b3 {[%emt 0:00:45]} Rhc8 {[%emt 0:00:27]} 27. Ke3 {[%emt 0:00:27]} Rc3+ {[%emt 0:01:33]} 28. Kd2 {[%emt 0:00:28]} Rxb3 {[%emt 0:00:51]} 29. axb3 {[%emt 0:00:32]} (29. Rxb3 $142 Rc4 30. Kd3) 29... Bb4+ {[%emt 0:00:10]} 30. Kd3 {[%emt 0:00:42]} Rc3+ {[%emt 0:01:22]} 31. Ke2 {[%emt 0:00:07]} a5 {[%emt 0:00:18]} 32. h5 {[%emt 0:00:20]} Bf8 {[%emt 0:03:51]} 33. g6 {[%emt 0:00:57]} hxg6 {[%emt 0:00:56]} 34. hxg6 {[%emt 0:00:03]} Ba3 {[%emt 0:01:10]} 35. Rb1 {[%emt 0:00:17]} Rc1 {[%emt 0:00:57]} 36. Rxc1 {[%emt 0:00:06]} Bxc1 {[%emt 0:00:10]} 37. Nd2 {[%emt 0:00:07]} Kc6 {[%emt 0:00:24]} 38. Kd1 {[%emt 0:00:40] [#]} Bxd2 $1 {[%emt 0:00:12]} 39. Kxd2 {[%emt 0:00:02]} Kb5 {[%emt 0:00:13]} 40. Kc3 {[%emt 0:00:32]} a4 {[%emt 0:00:03]} 41. bxa4+ {[%emt 0:51:29]} Kxa4 {[%emt 0:50:02]} 42. Kc2 {[%emt 0:00:15]} Kb4 {[%emt 0:00:03]} 43. Kd3 {[%emt 0:00:10]} Kb3 {[%emt 0:00:03]} 44. Ke3 {[%emt 0:00:17]} Kc3 {[%emt 0:00:03]} 45. Kf3 {[%emt 0:00:15]} b5 {[%emt 0:00:14]} 46. Ke3 {[%emt 0:00:10]} b4 {[%emt 0:00:02]} 47. Kf3 {[%emt 0:00:14]} b3 {[%emt 0:00:03]} 48. Ke3 {[%emt 0:00:14]} b2 {[%emt 0:00:03]} 49. Kf3 {[%emt 0:00:24]} Kd3 {[%emt 0:00:03]} 50. Kf2 {[%emt 0:00:16]} b1=Q {[%emt 0:00:11]} 51. Kf3 {[%emt 0:00:11]} Qf1+ {[%emt 0:00:13]} 52. Kg3 {[%emt 0:00:09]} Ke3 {[%emt 0:00:30]} 53. Kh2 {[%emt 0:00:13]} Qxf4+ {[%emt 0:00:12]} 54. Kh3 {[%emt 0:00:15]} Qg4+ {[%emt 0:00:04]} 55. Kh2 {[%emt 0:00:08]} Kf2 {[%emt 0:00:07]} 56. Kh1 {[%emt 0:00:09]} Qh3# {[%emt 0:00:06]} 0-1

[Event "95th Caplin Hastings Congress"]
[Site "Hastings"]
[Date "2020.01.01"]
[Round "5.49"]
[White "Ratnesan, Radha"]
[Black "Jennings, Richard"]
[Result "0-1"]
[WhiteElo "1477"]
[BlackElo "1903"]
[Annotator "NA RC"]
[PlyCount "140"]
[EventDate "2019.12.28"]
[EventType "swiss"]
[EventCountry "ENG"]
[SourceTitle "playchess.com"]
[Source "ChessBase"]
[SourceQuality "1"]
[TimeControl "40/6600+30:3000+30"]

{[%evp 23,139,19,32,32767,22,32767,-6,32767,0,-52,-52,32767,32767,-98,32767,-172,32767,32767,32767,32767,32767,32767,32767,32767,32767,32767,32767,32767,-133,32767,32767,32767,-131,32767,32767,32767,32767,32767,32767,-198,32767,32767,32767,32767,32767,32767,32767,32767,32767,32767,-208,32767,32767,32767,32767,32767,32767,32767,32767,32767,-208,32767,32767,-200,-206,-254,-258,-338,-372,-451,-456,-483,-473,-498,-559,-604,-570,32767,-529,-492,0,-599,-515,-578,-605,-560,-651,-627,-601,-563,-980,-730,-822,-743,-486,-716,-706,-634,-978,-1257,-949,-783,-1072,-931,-1722,-1558,-1442,-1269,-1889,-2276,-5748,-5206,-12841,-29972,-12843,-29980,-29982,-29990]} 1. Nf3 {[%emt 0:09:33]} c5 {[%emt 0:09:52]} 2. g3 {[%emt 0:00:10]} b6 {[%emt 0:00:32]} 3. Bg2 {[%emt 0:00:14]} Bb7 {[%emt 0:00:07]} 4. O-O {[%emt 0:00:28]} e6 {[%emt 0:03:31]} 5. b3 {[%emt 0:01:17]} Nf6 {[%emt 0:01:31]} 6. Bb2 {[%emt 0:00:26]} Be7 {[%emt 0:00:11]} 7. c4 {[%emt 0:01:07]} O-O {[%emt 0:01:17]} 8. e3 {[%emt 0:01:08]} d6 {[%emt 0:01:12]} 9. d4 {[%emt 0:01:29] A30: Symmetrical English: Double Fianchetto and Hedgehog} (9. Nc3 Nbd7 10. d4 Ne4 11. Ne2 Rc8 12. Nf4 cxd4 13. Nxd4 e5 14. Nf5 exf4 15. Bxg7 Bf6 16. Bxf8 Qxf8 17. Rc1 Rd8 18. exf4 a5 {½-½ (56) Oleksienko,M (2595)-Gharamian,T (2602) Brest 2019}) 9... cxd4 {[%emt 0:05:52]} 10. exd4 {[%emt 0:00:37]} Nbd7 {[%emt 0:00:33]} 11. Nbd2 {[%emt 0:03:17]} d5 {[%emt 0:06:10]} 12. Ne5 {[%emt 0:03:25]} Rc8 {[%emt 0:05:18]} 13. Rc1 {[%emt 0:08:34]} Rc7 {[%emt 0:04:25]} 14. Ndf3 $146 {[%emt 0:05:56]} ({Predecessor:} 14. Qe2 Qa8 15. f4 dxc4 16. bxc4 Bxg2 17. Qxg2 g6 18. a4 Bb4 {1-0 (44) Wolfram,B (2186)-Ponjican,E (2206) Austria 2010}) 14... Qa8 {[%emt 0:06:16]} 15. Qe2 {[%emt 0:12:58]} dxc4 {[%emt 0:08:25]} 16. bxc4 {[%emt 0:01:13]} Nxe5 {[%emt 0:06:13]} 17. dxe5 {[%emt 0:01:21]} Nd7 {[%emt 0:02:04]} 18. Ne1 {[%emt 0:04:59]} Rfc8 {[%emt 0:02:18]} 19. Qd3 {[%emt 0:08:56]} (19. Nf3 $17 {was necessary.}) 19... Nc5 {[%emt 0:03:03]} 20. Qe2 {[%emt 0:04:30]} Rd7 {[%emt 0:04:30]} 21. Ba3 {[%emt 0:14:22]} Rcd8 {[%emt 0:02:38]} 22. Nf3 {[%emt 0:08:37]} Rd3 {[%emt 0:21:51]} 23. Bxc5 {[%emt 0:01:23]} bxc5 {[%emt 0:06:16]} 24. Ne1 {[%emt 0:05:13]} Rd2 {[%emt 0:00:28]} 25. Qe3 {[%emt 0:00:49]} Bxg2 {[%emt 0:06:23]} 26. Nxg2 {[%emt 0:00:41]} R8d3 {[%emt 0:00:48]} 27. Qf4 {[%emt 0:00:30]} g5 {[%emt 0:03:09]} 28. Qg4 {[%emt 0:01:08]} Rd4 {[%emt 0:00:33]} 29. Qh5 {[%emt 0:00:57]} Rxa2 {[%emt 0:00:57]} 30. Rfd1 {[%emt 0:01:27]} Qe4 {[%emt 0:00:52]} 31. Re1 {[%emt 0:01:35]} Qf5 {[%emt 0:00:43]} 32. Re2 {[%emt 0:00:46]} Rdd2 {[%emt 0:02:01]} 33. Rce1 {[%emt 0:02:34]} Rxe2 {[%emt 0:01:06]} 34. Rxe2 {[%emt 0:00:22]} Ra1+ {[%emt 0:00:07]} 35. Ne1 {[%emt 0:00:56]} Bd8 {[%emt 0:01:30]} 36. Kg2 {[%emt 0:00:26]} Rc1 {[%emt 0:01:54]} 37. g4 {[%emt 0:04:21]} Qg6 {[%emt 0:01:17]} 38. Qxg6+ {[%emt 0:01:23]} hxg6 {[%emt 0:00:07]} 39. Re4 {[%emt 0:00:38]} Be7 {[%emt 0:01:13]} 40. Nd3 {[%emt 0:03:25]} Rc3 {[%emt 0:00:45]} 41. Nb2 {[%emt 0:51:27]} Rc2 {[%emt 0:50:27]} 42. Na4 {[%emt 0:01:56]} Kf8 {[%emt 0:02:00]} 43. Kf1 {[%emt 0:00:00]} Ke8 {[%emt 0:00:00]} 44. h3 {[%emt 0:00:00]} (44. Ke1 $142) 44... Kd7 {[%emt 0:00:00]} 45. f4 {[%emt 0:00:00]} Kc6 {[%emt 0:00:00]} 46. Kg1 {[%emt 0:00:00]} a6 {[%emt 0:00:00]} 47. Kh1 {[%emt 0:00:00]} Ra2 {[%emt 0:00:00]} 48. Nc3 {[%emt 0:00:00]} Ra3 {[%emt 0:00:00]} 49. Re3 {[%emt 0:00:00]} gxf4 {[%emt 0:00:00]} 50. Rf3 $1 $11 {[%emt 0:00:00]} Bh4 {[%emt 0:00:00]} (50... f6 51. Kg2) 51. Kg2 {[%emt 0:00:00]} Be7 $2 {[%emt 0:00:00]} (51... g5 $19 52. Ne4 Rxf3 53. Kxf3 a5) 52. Rd3 $2 {[%emt 0:00:00]} g5 {[%emt 0:00:00]} 53. Kf3 {[%emt 0:00:00]} Rb3 {[%emt 0:00:00]} 54. Ke2 {[%emt 0:00:00]} Rb4 {[%emt 0:00:00]} 55. Na2 {[%emt 0:00:00]} Rb2+ {[%emt 0:00:00]} 56. Rd2 {[%emt 0:00:00]} Rxd2+ {[%emt 0:00:00]} 57. Kxd2 {[%emt 0:00:00]} f6 {[%emt 0:00:00]} 58. Nc3 {[%emt 0:00:00]} Bd8 {[%emt 0:00:00]} 59. Ke2 {[%emt 0:00:00]} a5 {[%emt 0:00:00]} 60. Kf3 {[%emt 0:00:00]} f5 {[%emt 0:00:00]} 61. Na4 {[%emt 0:00:00]} Bc7 {[%emt 0:00:00]} 62. gxf5 {[%emt 0:00:00]} exf5 {[%emt 0:00:00]} 63. e6 {[%emt 0:00:00]} Bd6 {[%emt 0:00:00]} 64. Nc3 {[%emt 0:00:00]} Be7 {[%emt 0:00:00]} 65. Nd5 {[%emt 0:00:00]} Kd6 {[%emt 0:00:00]} 66. h4 {[%emt 0:00:00]} gxh4 {[%emt 0:00:00]} 67. Nxf4 {[%emt 0:00:00]} a4 {[%emt 0:00:00]} 68. Nd3 {[%emt 0:00:00]} Kxe6 {[%emt 0:00:00]} 69. Nc1 {[%emt 0:00:00]} Ke5 {[%emt 0:00:00]} 70. Ke3 {[%emt 0:00:00]} Bg5+ {[%emt 0:00:00] Kd4+} 0-1

[Event "95th Caplin Hastings Congress"]
[Site "Hastings"]
[Date "2020.01.01"]
[Round "5.50"]
[White "Kumar, Sanjit S"]
[Black "Garnett, John S"]
[Result "0-1"]
[WhiteElo "1501"]
[BlackElo "1865"]
[Annotator "NA RC"]
[PlyCount "94"]
[EventDate "2019.12.28"]
[EventType "swiss"]
[EventCountry "ENG"]
[SourceTitle "playchess.com"]
[Source "ChessBase"]
[SourceQuality "1"]
[TimeControl "40/6600+30:3000+30"]

1. e4 {[%emt 0:09:47]} d5 {[%emt 0:09:39]} 2. exd5 {[%emt 0:01:01]} Nf6 {[%emt 0:00:06]} 3. d4 {[%emt 0:00:21]} Bg4 {[%emt 0:00:20]} 4. Be2 {[%emt 0:00:40]} Bxe2 {[%emt 0:00:09]} 5. Nxe2 {[%emt 0:00:13]} Qxd5 {[%emt 0:00:11]} 6. O-O {[%emt 0:00:57]} Nc6 {[%emt 0:00:22]} 7. Nbc3 {[%emt 0:02:50]} Qh5 {[%emt 0:00:55] B01: Scandinavian Defence} 8. Bf4 {[%emt 0:02:00]} (8. d5 O-O-O 9. Nf4 Qxd1 10. Rxd1 Nb4 11. a3 Nxc2 12. Ra2 e5 13. dxe6 Rxd1+ 14. Nxd1 Nd4 15. exf7 {½-½ (53) Azarov,S (2582)-Vypkhaniuk,I (2302) Lvov 2017}) 8... O-O-O {[%emt 0:01:09]} 9. Be3 {[%emt 0:02:45]} Ng4 $146 {[%emt 0:04:33]} ({Predecessor:} 9... e5 10. d5 Ng4 11. h3 Nxe3 12. fxe3 Bc5 13. Ng3 Bxe3+ 14. Kh1 Qxd1 15. Raxd1 {½-½ (37) Leser,S (1857)-Oganessjan,A (2034) Willingen 2018}) 10. h3 {[%emt 0:00:22]} Nxe3 {[%emt 0:00:39]} 11. fxe3 {[%emt 0:00:16]} e5 {[%emt 0:03:22]} 12. Ng3 {[%emt 0:05:18]} Qg6 {[%emt 0:03:37]} (12... Qg5 $17 13. Nf5 exd4 14. exd4 (14. Ne4 Qg6 $17) 14... Nxd4 15. Nxd4 Rxd4) 13. Nf5 {[%emt 0:02:02]} Ne7 {[%emt 0:06:54]} 14. Nxe7+ {[%emt 0:02:39]} Bxe7 {[%emt 0:00:07]} 15. Qf3 {[%emt 0:00:10]} exd4 {[%emt 0:03:22]} 16. exd4 {[%emt 0:00:17]} Rxd4 {[%emt 0:13:55]} 17. Qxf7 {[%emt 0:04:02]} Qxf7 {[%emt 0:01:34]} 18. Rxf7 {[%emt 0:00:14] [#]} Rd7 {[%emt 0:00:54]} (18... Bf6 $1 $17) 19. Raf1 {[%emt 0:03:13]} Bf6 {[%emt 0:01:05]} 20. Rxd7 {[%emt 0:00:20]} Kxd7 {[%emt 0:00:05]} 21. Ne2 {[%emt 0:21:08]} (21. Rd1+ $11 Kc6 22. Rd3) 21... Re8 {[%emt 0:02:40]} 22. Rd1+ {[%emt 0:07:26] [#]} Kc8 $1 {[%emt 0:01:37]} 23. Nd4 {[%emt 0:04:29]} Rd8 {[%emt 0:00:40]} 24. c3 {[%emt 0:00:05]} c5 {[%emt 0:00:16]} 25. Rc1 {[%emt 0:03:39]} cxd4 {[%emt 0:00:14]} 26. cxd4+ {[%emt 0:00:05]} Kb8 {[%emt 0:00:11]} 27. Kf1 {[%emt 0:03:30]} Rxd4 {[%emt 0:00:46]} 28. Ke2 {[%emt 0:05:08]} Ra4 {[%emt 0:01:04]} 29. b4 {[%emt 0:08:42]} Rxb4 {[%emt 0:00:53]} 30. Kf1 {[%emt 0:06:22]} a5 $19 {[%emt 0:02:03]} 31. Re1 {[%emt 0:02:43]} a4 {[%emt 0:00:54]} 32. Re2 {[%emt 0:03:16]} Rb1+ {[%emt 0:00:31]} 33. Kf2 {[%emt 0:01:47]} Rb2 {[%emt 0:00:07]} 34. Rxb2 {[%emt 0:02:38]} Bxb2 {[%emt 0:00:04]} 35. Ke3 {[%emt 0:01:41]} Kc7 {[%emt 0:00:11]} 36. Ke4 {[%emt 0:01:13]} Kd6 {[%emt 0:00:19]} 37. g4 {[%emt 0:00:25]} Kc5 {[%emt 0:00:42]} 38. Kf5 {[%emt 0:05:27]} b5 {[%emt 0:00:37]} 39. Ke6 {[%emt 0:04:20]} b4 {[%emt 0:00:17]} 40. Kf5 {[%emt 0:02:37]} b3 {[%emt 0:00:06]} 41. axb3 {[%emt 0:50:56]} a3 {[%emt 0:50:24]} 42. Ke4 {[%emt 0:03:03]} a2 {[%emt 0:00:08]} 43. Kd3 {[%emt 0:00:29]} a1=Q {[%emt 0:00:10]} 44. Kc2 {[%emt 0:00:21]} Kd4 {[%emt 0:01:15]} 45. b4 {[%emt 0:00:38]} Bc3 {[%emt 0:00:26]} 46. Kb3 {[%emt 0:00:00]} Qb2+ {[%emt 0:00:00]} 47. Ka4 {[%emt 0:00:00]} Qxb4# {[%emt 0:00:00]} 0-1

[Event "95th Caplin Hastings Congress"]
[Site "Hastings"]
[Date "2020.01.01"]
[Round "5.51"]
[White "Ortiz Sanchez, Luis"]
[Black "Khoo-Thwe, Louis"]
[Result "1/2-1/2"]
[WhiteElo "1947"]
[BlackElo "1690"]
[Annotator "NA RC"]
[PlyCount "88"]
[EventDate "2019.12.28"]
[EventType "swiss"]
[EventCountry "ENG"]
[SourceTitle "playchess.com"]
[Source "ChessBase"]
[SourceQuality "1"]
[TimeControl "40/6600+30:3000+30"]

1. e4 {[%emt 0:10:30]} e5 {[%emt 0:09:36]} 2. Nf3 {[%emt 0:00:06]} Nc6 {[%emt 0:00:04]} 3. Nc3 {[%emt 0:00:10]} Nf6 {[%emt 0:00:08]} 4. d4 {[%emt 0:00:05]} exd4 {[%emt 0:00:22]} 5. Nxd4 {[%emt 0:00:06]} Bb4 {[%emt 0:00:24]} 6. Nxc6 {[%emt 0:00:08]} bxc6 {[%emt 0:00:05]} 7. Bd3 {[%emt 0:00:04]} O-O {[%emt 0:00:11]} 8. O-O {[%emt 0:00:04]} d6 {[%emt 0:00:27]} 9. h3 {[%emt 0:00:25] C47: Scotch Four Knights and Four Knights with 4 g3} (9. a3 Bc5 10. Na4 Bb6 11. Nxb6 axb6 12. Re1 h6 13. Bf4 Ng4 14. e5 dxe5 15. Bxe5 Nxe5 16. Rxe5 Qf6 {0-1 (45) Degraeve,J (2570)-Caruana,F (2811) chess.com INT 2018}) 9... Re8 {[%emt 0:00:36]} 10. Qf3 {[%emt 0:00:48]} Bxc3 {[%emt 0:00:28]} 11. bxc3 {[%emt 0:00:05]} h6 {[%emt 0:00:37]} 12. Bf4 {[%emt 0:01:12]} c5 $146 {[%emt 0:01:44]} ({Predecessor:} 12... Nd7 13. Rae1 Qf6 14. e5 Nxe5 15. Qe4 Be6 16. Bxe5 dxe5 17. f4 exf4 18. Rxf4 Qxc3 {½-½ (43) Vysochin,S (2515)-Sivuk,V (2482) Lvov 2012}) 13. e5 {[%emt 0:02:22]} dxe5 {[%emt 0:03:58]} 14. Qxa8 {[%emt 0:01:39]} exf4 {[%emt 0:00:07]} 15. Rfe1 {[%emt 0:01:46]} Be6 {[%emt 0:02:34]} 16. Qxa7 {[%emt 0:07:03]} f3 {[%emt 0:02:05]} 17. Qxc5 {[%emt 0:01:30]} fxg2 {[%emt 0:00:26]} 18. Rad1 {[%emt 0:05:59]} ({Weaker is} 18. Kxg2 Nd5 $16) 18... Bxh3 {[%emt 0:02:30]} 19. Rxe8+ {[%emt 0:03:58]} Qxe8 {[%emt 0:00:07]} 20. Qxc7 {[%emt 0:01:34]} g6 {[%emt 0:04:03] [#]} 21. Bxg6 $1 {[%emt 0:03:04]} Kg7 {[%emt 0:03:06]} 22. Bd3 {[%emt 0:00:45]} Nh5 {[%emt 0:02:57]} 23. Kh2 {[%emt 0:04:31]} Bg4 {[%emt 0:01:49]} 24. Rg1 {[%emt 0:01:51]} Bf3 {[%emt 0:00:30]} 25. Rxg2+ {[%emt 0:00:52]} Bxg2 {[%emt 0:00:11]} 26. Kxg2 {[%emt 0:00:01]} Qa8+ {[%emt 0:12:14]} 27. f3 {[%emt 0:05:23]} Qxa2 {[%emt 0:01:57]} 28. Qe5+ {[%emt 0:00:34] Double Attack} Nf6 {[%emt 0:00:07]} 29. c4 {[%emt 0:00:30]} Qa8 {[%emt 0:04:24]} 30. c5 {[%emt 0:05:12]} Qa5 {[%emt 0:00:47]} 31. Qg3+ {[%emt 0:02:13]} Kh8 {[%emt 0:00:08] [#]} 32. Qf4 {[%emt 0:02:21]} (32. c6 $1 $18 Qd2+ 33. Kf1 Qd1+ 34. Kg2 Qd2+ 35. Kg1 Qd1+ 36. Kh2 Qd2+ 37. Kg1 Qc1+ 38. Kg2 Qd2+) 32... Kg7 {[%emt 0:00:27]} 33. c6 {[%emt 0:00:29]} Ne8 {[%emt 0:02:08]} 34. Bc4 {[%emt 0:04:16]} Qg5+ {[%emt 0:01:20]} 35. Qg3 {[%emt 0:01:22]} Kf8 {[%emt 0:02:19]} 36. Bd3 {[%emt 0:02:36]} Ke7 {[%emt 0:01:26]} 37. f4 {[%emt 0:00:32]} Qd5+ {[%emt 0:03:00]} 38. Qf3 {[%emt 0:00:13]} Qxf3+ {[%emt 0:00:12]} 39. Kxf3 {[%emt 0:00:07]} Kd6 {[%emt 0:00:08]} 40. Bb5 {[%emt 0:00:36]} f5 {[%emt 0:00:52]} 41. Kg3 {[%emt 0:50:31]} Kc7 {[%emt 0:51:35]} 42. c4 {[%emt 0:02:17]} Kd6 $11 {[%emt 0:00:24]} 43. Kh4 {[%emt 0:00:07]} Ng7 {[%emt 0:00:18]} 44. Kg3 {[%emt 0:00:52]} Ne6 {[%emt 0:00:59]} 1/2-1/2